00683nam a2200229 a 4500001001300000003000900013005001700022008004100039020002300080082001300103100002500116245006000141260002500201300000900226500003500235650001200270700002500282902000800307942000700315952011400322999001700436nice12345678IN_TiNIC20260116014857.0121001s2008 dela grp 000 0 eng  a9788184580259c12500a226bJES aJesudassan, Ignatius aThrough the Prismb Literary-Critical Scriputre-Reading aDelhi bISPCK c2008 a156p aincludes index and biblioraphy aGospels1 aJesudassan, Ignatius bSRS cBK 001040708StackRoom-aHMIbHMId2012-10-01g125.00l0o226 JESp023878r2012-10-01v125.00w2012-10-01yBK c17380d17380